<?xml version="1.0" encoding="UTF-8"?>
<record
    xmlns:xsi="http://www.w3.org/2001/XMLSchema-instance"
    xsi:schemaLocation="http://www.loc.gov/MARC21/slim http://www.loc.gov/standards/marcxml/schema/MARC21slim.xsd"
    xmlns="http://www.loc.gov/MARC21/slim">

  <leader>00621nam a22001337a 4500</leader>
  <datafield tag="999" ind1=" " ind2=" ">
    <subfield code="c">532109</subfield>
    <subfield code="d">532109</subfield>
  </datafield>
  <controlfield tag="008">251216b           ||||| |||| 00| 0 eng d</controlfield>
  <datafield tag="100" ind1=" " ind2=" ">
    <subfield code="a">Hegde, Sasheej </subfield>
    <subfield code="9">58216</subfield>
  </datafield>
  <datafield tag="245" ind1=" " ind2=" ">
    <subfield code="a">Criss-crossing theory, history and method: New measures of reflexivity </subfield>
  </datafield>
  <datafield tag="260" ind1=" " ind2=" ">
    <subfield code="a">Social Scientist  </subfield>
  </datafield>
  <datafield tag="300" ind1=" " ind2=" ">
    <subfield code="a">53(7-8), Jul-Aug, 2025: p.23-46</subfield>
  </datafield>
  <datafield tag="520" ind1=" " ind2=" ">
    <subfield code="a">But if someone were to say so logic too is an empirical science he world wrong. Yet this is right the same proposition may get treated at one time as something to test by experience at another as a rule of lasting. &#x2013; Reproduced </subfield>
  </datafield>
  <datafield tag="773" ind1=" " ind2=" ">
    <subfield code="a">Social Scientist  </subfield>
  </datafield>
  <datafield tag="942" ind1=" " ind2=" ">
    <subfield code="c">AR</subfield>
  </datafield>
  <datafield tag="952" ind1=" " ind2=" ">
    <subfield code="0">0</subfield>
    <subfield code="1">0</subfield>
    <subfield code="2">ddc</subfield>
    <subfield code="4">0</subfield>
    <subfield code="7">0</subfield>
    <subfield code="9">407298</subfield>
    <subfield code="a">IIPA</subfield>
    <subfield code="b">IIPA</subfield>
    <subfield code="d">2025-12-16</subfield>
    <subfield code="h">53(7-8), Jul-Aug, 2025: p.23-46</subfield>
    <subfield code="p">AR137749</subfield>
    <subfield code="r">2025-12-16</subfield>
    <subfield code="y">AR</subfield>
  </datafield>
</record>
